| 000 | 00350pab a2200145 454500 | ||
|---|---|---|---|
| 008 | 180718b1985 xxu||||| |||| 00| 0 eng d | ||
| 100 | _aJoshi, Navin Chandra | ||
| 245 | _aSolving the unemployment problem | ||
| 260 | _c1985 | ||
| 300 | _a7-8 | ||
| 362 | _a18 Aug. | ||
| 650 | _aUnemployment - India | ||
| 773 | _aDemocratic World | ||
| 909 | _a20002 | ||
| 999 |
_c20002 _d20002 |
||